000 00298 a2200121 4500
001 146894
040 _cEscola São Tomás de Aquino
100 _aMACHADO, Ana Maria
240 1 0 _aAvental que o vento leva
_lpor
245 1 0 _aAvental que o vento leva
697 _a*LITERATURA INFANTO
942 _cBK
999 _c146894
_d146894